| 000 | 00864nam a2200253 a 4500 | ||
|---|---|---|---|
| 001 | 3892825 | ||
| 003 | ARRUPE | ||
| 005 | 20211027111256.0 | ||
| 008 | 900217s1989 gw c b 001 0 ger | ||
| 010 | _a 90120000 | ||
| 020 | _a3406336132 | ||
| 040 |
_aDLC _cDLC |
||
| 050 | 0 | 0 |
_aBD581 _b.K487 1989 |
| 082 | 0 | 0 |
_a113/.09 _220 |
| 245 | 0 | 0 |
_aKlassiker der Naturphilosophie : _bvon den Vorsokratikern bis zur Kopenhagener Schule / _cherausgegeben von Gernot Böhme. |
| 260 |
_aMünchen : _bBeck, _cc1989. |
||
| 300 |
_a458 p. : _bports. ; _c23 cm. |
||
| 504 | _aIncludes bibliographical references (p. [395]-438) and indexes. | ||
| 650 | 0 |
_aPhilosophy of nature _xHistory. _922360 |
|
| 700 | 1 |
_aBöhme, Gernot. _950723 |
|
| 906 |
_a7 _bcbc _corignew _d3 _encip _f19 _gy-gencatlg |
||
| 942 |
_2lcc _cMONOGRAPH |
||
| 999 |
_c130998 _d130998 |
||